| 000 | 00642nam a2200241Ia 4500 | ||
|---|---|---|---|
| 003 | OSt | ||
| 005 | 20221006144719.0 | ||
| 006 | a|||||r|||| 00| 0 | ||
| 007 | ta | ||
| 008 | 221006b |||||||| |||| 00| 0 eng d | ||
| 020 |
_c _89.95 |
||
| 024 | _a12,467 | ||
| 037 | _cTextual | ||
| 040 |
_aEASL _cEASL _beng |
||
| 041 |
_2eng _aeng |
||
| 082 | _aV41.N89, N6 | ||
| 100 |
_aMILES James A R _9652684 |
||
| 245 | 0 |
_alegacy of tiananmen _b China in disarray |
|
| 260 |
_aU S A _bUniversity of Michigan Press _c1996 |
||
| 300 |
_a380p. _ccm. |
||
| 942 |
_hV41.N89, N6 _cTEXL _2CC |
||
| 999 |
_c1080553 _d1080553 |
||